• 首页
  • 本馆介绍
  • 公告通知
  • 最新文献
  • 馆藏检索
  • 电子资源
  • 读者导购
  • 参考咨询
  • 我的图书馆
  • 登录
  • 详细信息显示
  • 放入我的书架
  • 预约/预借图书
  • 作者相关作品
  • 分类相关作品
  • 丛书相关作品
  • 出版社相关作品

书目信息

  • 表格格式
  • 工作单格式
  • 卡片格式
题名:
林木遗传学基础
    
 
作者: 张志毅 主编
分册:  
出版信息: 北京   中国林业出版社  2021.5
页数: 418页
开本: 26cm
丛书名:
单 册:
中图分类: S718.46
科图分类:
主题词: 树木学--植物遗传学--高等教育--教材 , 树木学 , 植物遗传学
电子资源:
ISBN: 978-7-5038-6510-7
000 00997nam0 2200289 45
001 012001002784
005 20211020084435.19
010    @a978-7-5038-6510-7@dCNY66.00
096    @aS718@bzzy
100    @a20121203d2012 em y0chiy50 ea
101 0  @achi
102    @aCN@b110000
105    @aa z 000yy
106    @ar
200 1  @a林木遗传学基础@b专著@f张志毅主编@Alin mu yi chuan xue ji chu
205    @a2版
210    @a北京@c中国林业出版社@d2021.5
215    @a418页@c图@d26cm
300    @a普通高等教育“十一五”国家级规划教材 全国高等农林院校规划教材
330    @a本书介绍了遗传的细胞学基础、遗传物质的分子基础、孟德尔遗传定律、连锁遗传、基因与基因突变、染色体变异、细菌与病毒的遗传、基因工程与基因组学、细胞质遗传与雄性不育等内容。
606 0  @a树木学@x植物遗传学@x高等教育@j教材
606 0  @a树木学
606 0  @a植物遗传学
690    @aS718.46@v5
701  0 @a张志毅@f(1958~)@4主编@Azhang zhi yi
801  2 @aCN@bBJSDL@c20211018
905    @b1344860-3@dS718.46@e163=2@f4
    
    林木遗传学基础/张志毅主编.-2版.-北京:中国林业出版社,2021.5
    418页:图;26cm
    普通高等教育“十一五”国家级规划教材 全国高等农林院校规划教材
    
    ISBN 978-7-5038-6510-7:CNY66.00
    本书介绍了遗传的细胞学基础、遗传物质的分子基础、孟德尔遗传定律、连锁遗传、基因与基因突变、染色体变异、细菌与病毒的遗传、基因工程与基因组学、细胞质遗传与雄性不育等内容。
●
相关链接 在E读中查询图书 在五车中查询图书 在当当中查询图书 在豆瓣中查询图书


正题名:林木遗传学基础     索取号:S718.46/163=2         预约/预借

序号 登录号 条形码 馆藏地/架位号 状态 备注
1 1344860   213448606   第二样本阅览室/ [索取号:S718.46/163=2] 在馆    
2 1344861   213448615   第三借阅区/ [索取号:S718.46/163=2] 在馆    
3 1344862   213448624   第三借阅区/ [索取号:S718.46/163=2] 在馆    
4 1344863   213448633   第三借阅区/ [索取号:S718.46/163=2] 在馆    
唐山师范学院图书馆 欢迎您!
大连网信软件有限公司© 版权所有